000 00709nam a2200289Ia 4500
005 20260324150638.0
008 008 260324s9999 xx 000 0 eng d
020 _a9780203981030
037 _aEBOOK
040 _aCRL
040 _beng
040 _cCRL
041 _2eng
041 _aeng
084 _qCRL
100 _aTalcot Parsons; Neil Smelser
_91227121
245 0 _aEconomy and Society
245 2 _bA Study in the Integration of Economic and Social Theory
260 _bTaylor and Francis
260 _c1956
365 _a
365 _b480
856 _uhttp://www.taylorfrancis.com/books/9780203981030
942 _cEBOOK
999 _c1836945
_d1836945